[Event "Asian Women"]
[Site "Beirut LIB"]
[Date "2004.12.07"]
[Round "5"]
[White "Sachdev,T"]
[Black "Ju Wenjun"]
[Result "1/2-1/2"]
[WhiteElo "2256"]
[BlackElo "2300"]

1.d4 Nf6 2.c4 g6 3.g3 Bg7 4.Bg2 O-O 5.Nf3 d6 6.O-O c5 7.Nc3 Nc6 8.dxc5 dxc5
9.Bf4 Be6 10.Ne5 Na5 11.Qa4 Nd7 12.Nxd7 Bxd7 13.Qc2 Qb6 14.Rad1 Bf5 15.Qc1 Nc6
16.b3 Qa5 17.Bd2 Rad8 18.Na4 Qc7 19.Bf4 Qc8 20.Nc3 Bh3 21.Bh6 Bxg2 22.Kxg2 Nd4
23.Bxg7 Kxg7 24.Qe3 Rfe8 25.Nd5 f6 26.Rd3 e6 27.Nc3 Nf5 28.Qd2 Rxd3 29.Qxd3 Rd8
30.Qc2 Qc6+ 31.Qe4 Qxe4+ 32.Nxe4  1/2-1/2

[Event "Bykova Mem"]
[Site "Vladimir RUS"]
[Date "2004.12.08"]
[Round "2"]
[White "Shaidullina,S"]
[Black "Dembo,Y"]
[Result "0-1"]
[WhiteElo "2308"]
[BlackElo "2396"]

1.d4 Nf6 2.c4 g6 3.Nf3 Bg7 4.g3 O-O 5.Bg2 d6 6.O-O Nc6 7.Nc3 a6 8.d5 Na5
9.Nd2 c5 10.Rb1 Bd7 11.b3 Qc7 12.Bb2 b5 13.Qc2 Rab8 14.Ba1 b4 15.Nce4 Ne8
16.f4 e5 17.dxe6 fxe6 18.Bxg7 Nxg7 19.Nf3 Bc6 20.Nfg5 h6 21.Nh3 Nf5 22.Qd2 Nb7
23.g4 Nh4 24.Bh1 d5 25.cxd5 exd5 26.Ng3 d4 27.Rf2 Bxh1 28.Nxh1 Rbe8 29.Ng3 Re3
30.Kf1 Nd6 31.Rc1 Qc6 32.Qc2 Rc3 33.Qb1 Ne4 34.Nxe4 Qxe4 35.Ng1 Rxf4 36.Nf3 Nxf3
37.exf3 Rcxf3 38.Qxe4 Rxf2+ 39.Kg1 Rxe4 40.Kxf2 Re5 41.h4 Kf7 42.Kf3 Ke6
43.Kf4 g5+ 44.hxg5 hxg5+ 45.Kf3 Kd5 46.Rd1 Re3+ 47.Kf2 Ke4 48.Rc1 Rc3 49.Re1+ Kf4
50.Re6 Rc2+ 51.Ke1 Rxa2 52.Kd1 d3 53.Kc1 Rc2+ 54.Kb1 Rc3 55.Kb2 d2 56.Rd6 Ke3
57.Re6+ Kf2 58.Rd6 Ke2  0-1

[Event "Open"]
[Site "Banja Luka BIH"]
[Date "2004.12.09"]
[Round "6"]
[White "Abramovic,B"]
[Black "Rmus,A"]
[Result "1-0"]
[WhiteElo "2471"]
[BlackElo "2359"]

1.d4 Nf6 2.c4 g6 3.Nf3 Bg7 4.g3 O-O 5.Bg2 d6 6.Nc3 Nc6 7.O-O a6 8.e4 Bg4
9.h3 Bxf3 10.Bxf3 e5 11.d5 Nd4 12.Bg2 c5 13.dxc6 bxc6 14.b4 Nd7 15.Be3 Nb6
16.Qd3 Qe7 17.Rfd1 Qe6 18.Bf1 Rfd8 19.Rac1 d5 20.cxd5 cxd5 21.Nxd5 Nxd5 22.exd5 Rxd5
23.Qe4 Rdd8 24.Bxd4 exd4 25.Qxe6 fxe6 26.Rc6 a5 27.b5 e5 28.Bd3 Rd7 29.Kf1 Bf8
30.Ke2 Bb4 31.Be4 Rb8 32.a4 Kf7 33.h4 Rbd8 34.Kd3 Rd6 35.Rc7+ R6d7 36.Rdc1 Bc3
37.Rc6 Ke7 38.h5 Rd6 39.Ra6 Rf8 40.f3 g5 41.h6 Rff6 42.Rh1 Bb4 43.Rh5 Rxa6
44.bxa6 Rxa6 45.Bxh7 Ra8 46.Be4 Kf6 47.h7 Rh8 48.Rh6+ Kf7 49.Ra6 Rc8 50.Rc6 Rd8
51.Rg6  1-0

[Event "XII It"]
[Site "Solin-Split CRO"]
[Date "2004.12.10"]
[Round "7"]
[White "Jankovic,A"]
[Black "Cvorovic,D"]
[Result "0-1"]
[WhiteElo "2477"]
[BlackElo "2441"]

1.d4 Nf6 2.c4 d6 3.Nf3 g6 4.g3 Bg7 5.Bg2 O-O 6.O-O c6 7.Nc3 Qa5 8.e4 Bg4
9.h3 Bxf3 10.Bxf3 Nfd7 11.Rb1 Qb4 12.Be2 a5 13.Na4 d5 14.a3 Qd6 15.Bf4 Qe6
16.Nc3 dxe4 17.d5 cxd5 18.cxd5 Qb6 19.Be3 Qd8 20.Nxe4 Nf6 21.Nc3 Ne8 22.Qb3 Nd6
23.Bb6 Qd7 24.Bg4 Nf5 25.Rfd1 h5 26.Be2 Qd6 27.Ne4 Qe5 28.Qc4 Nd7 29.Bc7 Nd6
30.Nxd6 exd6 31.Re1 Rfc8 32.Bf1 Qf6 33.Rec1 Ne5 34.Qe2 Nf3+ 35.Kg2 Nd4 36.Qd3 Qg5
37.Kg1 h4 38.g4 Be5 39.Bg2 b5 40.Rc3 Ne2+ 41.Qxe2 Bxc3 42.Bxd6 Bd4 43.Be7 Rc1+
44.Bf1 Qf4 45.Rxc1 Qxc1 46.Qxb5 Qf4 47.Qe2 Be5 48.f3 Re8 49.d6 Bxd6 50.Bxd6 Qd4+
51.Qf2 Qxd6 52.Qxh4 Qf4 53.Qf2 a4 54.h4 Rd8  0-1

[Event "Bykova Mem"]
[Site "Vladimir RUS"]
[Date "2004.12.11"]
[Round "5"]
[White "Kursova,M"]
[Black "Komiagina,M"]
[Result "1/2-1/2"]
[WhiteElo "2315"]
[BlackElo "2312"]

1.d4 Nf6 2.Nf3 g6 3.c4 Bg7 4.g3 O-O 5.Bg2 d6 6.O-O Nc6 7.Nc3 Rb8 8.h3 Bf5
9.d5 Na5 10.Nd4 Bd7 11.Qd3 c5 12.Nb3 Nxb3 13.axb3 a6 14.e4 Ne8 15.Bf4 Qc8
16.Kh2 b5 17.Qe2 bxc4 18.bxc4 Rb3 19.Ra2 Qb8 20.Rfa1 Bc8 21.Na4 Bd4 22.Ra3 Rb4
23.Bd2 Rb7 24.Bc3 Bxc3 25.Rxc3 Bd7 26.Rc2 Rb4 27.Nc3 Qb6 28.f4 Ng7 29.g4 Rb8
30.e5 f5 31.exf6 exf6 32.Qe7 Qd8 33.Qxd8+ Rxd8 34.Rxa6 Rxc4 35.Rxd6 Ne8 36.Rb6 f5
37.Kg3 Kf7 38.Bf1 Rd4 39.Nb5 Bxb5 40.Bxb5 Nf6  1/2-1/2

[Event "III Pereyra Mem"]
[Site "Mendoza ARG"]
[Date "2004.12.13"]
[Round "5"]
[White "Panno,O"]
[Black "Salguero,F"]
[Result "1/2-1/2"]
[WhiteElo "2482"]
[BlackElo "2281"]

1.d4 Nf6 2.c4 g6 3.Nf3 Bg7 4.g3 O-O 5.Bg2 d6 6.O-O Nbd7 7.Nc3 e5 8.e3 Re8
9.a4 c6 10.b3 e4 11.Ng5 d5 12.cxd5 cxd5 13.f3 h6 14.Nh3 Nf8 15.Nf2 exf3 16.Qxf3 Be6
17.Bd2 g5  1/2-1/2

[Event "Open"]
[Site "Zadar CRO"]
[Date "2004.12.16"]
[Round "6"]
[White "Skatchkov,P"]
[Black "Ljubicic,F"]
[Result "0-1"]
[WhiteElo "2516"]
[BlackElo "2395"]

1.d4 Nf6 2.c4 g6 3.Nf3 Bg7 4.g3 O-O 5.Bg2 d6 6.O-O Nbd7 7.Nc3 e5 8.e4 c6
9.h3 Qa5 10.Be3 exd4 11.Nxd4 Re8 12.Qc2 Nb6 13.b3 Qh5 14.Nde2 g5 15.g4 Bxg4
16.Ng3 Qh4 17.hxg4 Nxg4 18.Rfe1 Nd7 19.Kf1 Nde5 20.Rad1 Re6 21.Ke2 Nxe3 22.Kxe3 f5
23.Nxf5 Qf4+ 24.Ke2 Ng4 25.f3 Bxc3 26.Qxc3 Rxe4+ 27.fxe4 Qf2+ 28.Kd3 Ne5+
29.Qxe5 dxe5 30.Bh1 Qxa2 31.Kc3 b5 32.Ra1 b4+ 33.Kxb4 Rb8+ 34.Kc5 Qf2+ 35.Kd6 Qd2+
36.Ke6 Re8+ 37.Ne7+ Kh8 38.Red1 Qb4 39.Rd7 Qxb3 40.Rad1 Qxc4+ 41.Kxe5 Qf7
42.Kd6 Qf6+ 43.Kc7 Rxe7  0-1

[Event "ch-IND"]
[Site "Visakhapatnam IND"]
[Date "2004.12.17"]
[Round "18"]
[White "Koneru,H"]
[Black "Sandipan,C"]
[Result "1/2-1/2"]
[WhiteElo "2503"]
[BlackElo "2543"]

1.d4 Nf6 2.Nf3 g6 3.c4 Bg7 4.g3 O-O 5.Bg2 d6 6.O-O c6 7.Nc3 Qa5 8.h3 e5 9.e4 exd4
10.Nxd4 Qc5 11.Nb3 Qb4 12.Be3 a5 13.e5 dxe5 14.Bc5 Qxc4 15.Bxf8 Bxf8 16.Nxa5 Qb4
17.Nb3 Be6 18.Qc2 Nbd7 19.Nd2 Bf5 20.Qb3 Qd6 21.Nde4 Nxe4 22.Nxe4 Bxe4 23.Bxe4 Nc5
24.Qd3 Qd4 25.Qxd4 exd4 26.Rfe1 d3 27.Bf3 Bg7 28.Rab1 Kf8 29.Red1 Rd8 30.Rd2 Bh6
31.Rdd1 Na4 32.Be4 Nc5 33.Bf3 d2 34.Kf1 Ra8 35.Be2 Rxa2 36.f4 Bg7 37.Rxd2 Ne4
38.Rd8+ Ke7 39.Rd3 Bxb2 40.Re3 f5 41.Bd3 Bd4 42.Re2 Rxe2 43.Rxb7+ Kf8 44.Kxe2 Nxg3+
45.Kf3 Nh5 46.Rxh7 Bg7 47.Bxf5 Nf6 48.Bxg6 Nxh7  1/2-1/2

[Event "Bykova Mem"]
[Site "Vladimir RUS"]
[Date "2004.12.17"]
[Round "10"]
[White "Kursova,M"]
[Black "Dembo,Y"]
[Result "1/2-1/2"]
[WhiteElo "2315"]
[BlackElo "2396"]

1.d4 Nf6 2.Nf3 g6 3.c4 Bg7 4.g3 O-O 5.Bg2 d6 6.Nc3 Nc6 7.O-O a6 8.h3 e5 9.d5 Ne7
10.e4 b5 11.cxb5 axb5 12.b4 c6 13.Nd2 cxd5 14.exd5 Bd7 15.Bb2 Rc8 16.a3 Rc7
17.Kh2 h5 18.Nb3 h4 19.Qd3 Bh6 20.g4 Rc4 21.Ne2 Bg7 22.Na5 Rc8 23.Qb3 Qb6
24.Kh1 Qa6 25.Rad1 g5 26.Rc1 Rxc1 27.Rxc1 Qb6 28.Kg1 Rc8 29.Rxc8+ Nxc8 30.Nc6 Qb7
31.Nc3 Na7 32.Ne7+ Kf8 33.Nf5 Bxf5 34.gxf5 Nc8 35.a4 bxa4 36.Qxa4 g4 37.hxg4 Nxg4
38.Ne4 h3 39.Bxh3 Nf6 40.Nxf6 Bxf6 41.Qc6 Qb8 42.Bc1 Ke7 43.Be3 Na7 44.Qb6 Qxb6
45.Bxb6 Nc8 46.Be3 Kd8 47.Bg2 Kc7 48.Be4 Nb6 49.f3 Nc4 50.Bf2 Nb2 51.Kg2 Nd1
52.Bg1 Bg5 53.Kh3 Ne3 54.Bxe3 Bxe3 55.Kg4 f6  1/2-1/2

[Event "Amplico AIG Life Semifinal"]
[Site "Warsaw POL"]
[Date "2004.12.19"]
[Round "2"]
[White "Jaracz,P"]
[Black "Socko,B"]
[Result "1-0"]
[WhiteElo "2531"]
[BlackElo "2570"]

1.d4 Nf6 2.c4 g6 3.Nf3 Bg7 4.g3 O-O 5.Bg2 d6 6.O-O a6 7.Nc3 Nc6 8.h3 Bd7
9.e4 e5 10.dxe5 dxe5 11.Be3 Be6 12.Qa4 Qc8 13.Kh2 Nd7 14.c5 Nd4 15.Nxe5 Nxe5
16.Bxd4 Rd8 17.Rad1 Bc4 18.Nd5 Rxd5 19.exd5 Bxf1 20.Rxf1 c6 21.f4 Nd7 22.Bxg7 Kxg7
23.dxc6 bxc6 24.Qxc6 Rb8 25.b4 Qxc6 26.Bxc6 Nf8 27.a3 Rd8 28.Bb7 Rd2+ 29.Kg1 Ra2
30.Rf3 Ne6 31.Bxa6 Nd4 32.Rd3 Ra1+ 33.Kf2 Ra2+ 34.Ke3 Nc2+ 35.Ke4 f5+ 36.Ke5 Nxa3
37.c6 Re2+ 38.Kd6  1-0

[Event "13th Donau Open"]
[Site "Aschach AUT"]
[Date "2004.12.27"]
[Round "3"]
[White "Jurek,J"]
[Black "Schoepf,A"]
[Result "1-0"]
[WhiteElo "2367"]
[BlackElo "2165"]

1.Nf3 Nf6 2.c4 g6 3.d4 Bg7 4.g3 O-O 5.Bg2 d6 6.Nc3 Na6 7.b3 c5 8.Bb2 cxd4
9.Nxd4 Nc7 10.e4 Bg4 11.Qd2 a6 12.O-O Bd7 13.Rac1 b5 14.Nd5 bxc4 15.Nb6 Rb8
16.Nxc4 Nb5 17.Ne2 Nh5 18.Bxg7 Nxg7 19.e5 Nf5 20.Rfd1 Be6 21.exd6 Nbxd6 22.Ne5 Rb5
23.Nc6 Qd7 24.Nf4 h5 25.Re1 Kh7 26.Ne5 Qa7 27.Nexg6 Rd8 28.Nxe6 fxe6 29.Rxe6 Nf7
30.Qf4 Rd4 31.Qf3 Rg4 32.Rxe7 Nxe7 33.Qxf7+ Kh6 34.Nxe7  1-0

[Event "13th Donau Open"]
[Site "Aschach AUT"]
[Date "2004.12.28"]
[Round "4"]
[White "Sebenik,M"]
[Black "Enoeckl,P"]
[Result "1-0"]
[WhiteElo "2413"]
[BlackElo "2158"]

1.Nf3 Nf6 2.c4 g6 3.d4 Bg7 4.g3 O-O 5.Bg2 d6 6.O-O Nc6 7.Nc3 e5 8.d5 Ne7
9.e4 Nd7 10.Ne1 f5 11.Nd3 Nf6 12.Bg5 h6 13.Bxf6 Bxf6 14.f4 exf4 15.Nxf4 Kh7
16.Qd2 Be5 17.Rae1 Bd7 18.Kh1 g5 19.Nd3 Ng6 20.Nxe5 Nxe5 21.exf5 Bxf5 22.Rxe5  1-0

[Event "XI Open A"]
[Site "Bosnjaci CRO"]
[Date "2005.01.04"]
[Round "2"]
[White "Drasko,M"]
[Black "Zivkovic,Vj"]
[Result "1-0"]
[WhiteElo "2486"]
[BlackElo "2406"]

1.d4 Nf6 2.c4 d6 3.Nf3 g6 4.g3 Bg7 5.Bg2 O-O 6.O-O c6 7.Nc3 Qb6 8.Qc2 Qa6
9.b3 b5 10.cxb5 cxb5 11.Qd3 b4 12.Ne1 Nc6 13.Qxa6 Bxa6 14.Bxc6 bxc3 15.Bxa8 Rxa8
16.e3 e5 17.Nc2 Bd3 18.Nb4 Be4 19.dxe5 dxe5 20.a4 Rb8 21.Ba3 Bf8 22.Na6 Rxb3
23.Bxf8 Kxf8 24.Nc5 Rb4 25.f3 Bc2 26.Rfc1 Rc4 27.Rxc2 Rxc5 28.e4 g5 29.g4 h5
30.h3 Rc4 31.a5 Ne8 32.Ra3 hxg4 33.hxg4 Ng7 34.Rcxc3 Rb4 35.Rc8+ Ke7 36.Rc7+ Kf6
37.Rxa7  1-0

[Event "XI Open A"]
[Site "Bosnjaci CRO"]
[Date "2005.01.04"]
[Round "3"]
[White "Blagojevic,D"]
[Black "Zufic,M"]
[Result "1-0"]
[WhiteElo "2527"]
[BlackElo "2370"]

1.d4 Nf6 2.c4 g6 3.Nf3 Bg7 4.g3 O-O 5.Bg2 d6 6.O-O Nc6 7.Nc3 a6 8.b3 Rb8
9.e3 b5 10.Qe2 bxc4 11.Qxc4 Nb4 12.a3 Be6 13.Qe2 Nbd5 14.Nxd5 Bxd5 15.Nd2 a5
16.Rb1 Bxg2 17.Kxg2 a4 18.b4 c5 19.dxc5 dxc5 20.b5 Nd5 21.Bb2 Bxb2 22.Rxb2 Nb6
23.Rc1 Qd5+ 24.e4 Qd4 25.Nc4 Rfc8 26.Na5 Qf6 27.Nc6 c4 28.Nxb8 Rxb8 29.e5 Qe6
30.Rd2 Kg7 31.Qe4 Rc8 32.Qd4 Rc7 33.Rcd1 h6 34.Kg1 Rc8 35.Qe3 Rc7 36.Rc2 Nd5
37.Qe4 Nb6 38.Qe3 Nd5 39.Qd4 Nb6 40.Rcc1 Rc8 41.Re1 Rc7 42.Re4 Rd7 43.Qc5 Rd5
44.Qc6 Qxc6 45.bxc6 Rc5 46.Rd4 Rxc6 47.Rd8 Rc5 48.Rb8 Nd5 49.Kg2 g5 50.Kf3 e6
51.Ke4 c3 52.Kd4 Ra5 53.Rcb1 Ra6 54.Rc8 Ra7 55.Rbb8 Rd7 56.Ke4 Ne7 57.Rxc3 Ng6
58.Rbc8 Rd1 59.Rc1 Rd2 60.R8c2 Rd5 61.f4 Ne7 62.Rc4 g4 63.Rc5  1-0

[Event "XI Open A"]
[Site "Bosnjaci CRO"]
[Date "2005.01.06"]
[Round "6"]
[White "Drasko,M"]
[Black "Krstic,U"]
[Result "1-0"]
[WhiteElo "2486"]
[BlackElo "2360"]

1.d4 Nf6 2.c4 g6 3.Nf3 Bg7 4.g3 O-O 5.Bg2 d6 6.O-O a6 7.Nc3 Nbd7 8.Qc2 c5
9.Rd1 Rb8 10.h3 Qc7 11.Be3 cxd4 12.Nxd4 Ne5 13.b3 Bd7 14.Rac1 Rfc8 15.Qd2 Bc6
16.Nxc6 bxc6 17.f4 Ned7 18.Bf2 Qa5 19.e4 Qb4 20.Na4 Qxd2 21.Rxd2 c5 22.e5 Ne8
23.Nc3 Nb6 24.Ne4 Bf8 25.Rcd1 f6 26.exd6 exd6 27.g4 f5 28.gxf5 gxf5 29.Ng3 Ng7
30.h4 a5 31.Bh3 Rc7 32.Nxf5 Nxf5 33.Bxf5 Re8 34.Bg3 Rg7 35.Kf2 Nd7 36.Bxd7 Rxd7
37.f5 Rf7 38.Rd5 Bg7 39.Bxd6 Bd4+ 40.Kf3 Re3+ 41.Kf4 Rg7 42.Bxc5 Bxc5 43.Rxc5 Rge7
44.f6 R7e4+ 45.Kf5 Re8 46.Rd4  1-0

[Event "HSK IM"]
[Site "Hamburg GER"]
[Date "2005.01.07"]
[Round "8"]
[White "Kopylov,M"]
[Black "Lindinger,M"]
[Result "1-0"]
[WhiteElo "2430"]
[BlackElo "2277"]

1.g3 g6 2.Bg2 Bg7 3.c4 d6 4.Nf3 Nf6 5.d4 O-O 6.O-O c6 7.Nc3 Bf5 8.Nh4 Bg4
9.h3 Bd7 10.e4 e5 11.Nf3 Re8 12.Be3 Na6 13.Qc2 Qc8 14.Kh2 b5 15.dxe5 dxe5
16.Rfd1 Nb4 17.Qb3 a5 18.cxb5 Be6 19.Qa4 cxb5 20.Nxb5 Bd7 21.a3 Na6 22.Qxa5 Bf8
23.Rac1 Qb8 24.Nc7 Nxc7 25.Qxc7 Ba4 26.Rd2 Nxe4 27.Re2 Qb5 28.Ng1 Bd6 29.Qc4 Qxc4
30.Rxc4 f5 31.Bxe4 fxe4 32.Rd2 Bb5 33.Rxe4 Rad8 34.Ne2 Bb8 35.Rxd8 Rxd8 36.Nc3 Bc6
37.Rc4 Bf3 38.a4 e4 39.a5 Be5 40.a6 Bxc3 41.Rxc3  1-0

[Event "Michael Franett Mem"]
[Site "San Francisco USA"]
[Date "2005.01.11"]
[Round "10"]
[White "Baginskaite,C"]
[Black "Yap,N"]
[Result "0-1"]
[WhiteElo "2336"]
[BlackElo "2189"]

1.d4 Nf6 2.c4 g6 3.g3 Bg7 4.Bg2 d6 5.Nf3 O-O 6.Nc3 Nbd7 7.O-O e5 8.e4 exd4
9.Nxd4 Re8 10.h3 a6 11.Re1 Rb8 12.a4 Ne5 13.b3 c5 14.Nc2 Nc6 15.Rb1 Be6 16.Bb2 h5
17.f4 Nh7 18.Kh2 h4 19.g4 Qa5 20.Qf3 g5 21.f5 Ne5 22.Qd1 Bxc4 23.Ne3 Bd3
24.Ra1 c4 25.Ncd5 cxb3 26.Qxb3 Qd2 27.Red1 Qe2 28.Ra2 Bc4 29.Nxc4 Qxc4 30.Qxc4 Nxc4
31.Bxg7 Kxg7 32.a5 Rbc8 33.Rb1 Rb8 34.Bf1 Rec8 35.Rc1 Ne5 36.Rac2 Rxc2+ 37.Rxc2 Nf6
38.Nb6 Nxe4 39.Rc7 Nc5 40.Nc4 Nxc4 41.Bxc4 Rf8 42.Bd5 Kf6 43.Kg2 Ke5 44.Bxf7 Rd8
45.Be6 Nxe6 46.Re7 d5 47.Rxe6+ Kf4 48.f6 Rf8 49.Rb6 Rf7 50.Rb4+ Ke3 51.Rb3+ Ke4
52.Rf3 d4 53.Kf2 d3 54.Re3+ Kd4 55.Re6 Kc3 56.Ke3 d2 57.Rd6 Rxf6 58.Rd3+ Kc4
59.Rxd2 Re6+ 60.Kf3 Re1  0-1

[Event "Extraliga CZE 2004-5"]
[Site "Czech Rep CZE"]
[Date "2005.01.15"]
[Round "5"]
[White "Bernasek,J"]
[Black "Gross,Dav CZE"]
[Result "1-0"]
[WhiteElo "2389"]
[BlackElo "2400"]

1.d4 Nf6 2.c4 g6 3.Nf3 Bg7 4.g3 O-O 5.Bg2 d6 6.O-O c6 7.Nc3 Qa5 8.e4 Bg4
9.h3 Bxf3 10.Bxf3 Nfd7 11.Rb1 c5 12.d5 Bxc3 13.bxc3 Qxc3 14.Be2 Nb6 15.Bb2 Qa5
16.Qc2 N8d7 17.f4 a6 18.Bc3 Qa4 19.Qd3 Rab8 20.Rfc1 Rfe8 21.Bd2 Qxa2 22.Ra1 Qb2
23.Bc3 Qb3 24.Rcb1 Qxc4 25.Qc2 e6 26.Bxc4 Nxc4 27.dxe6 Rxe6 28.Qd3 b5 29.Rxa6 Rbe8
30.Rxb5  1-0

[Event "ch-Kiev"]
[Site "Kiev UKR"]
[Date "2005.01.24"]
[Round "7"]
[White "Matorin,E"]
[Black "Pavlov,S2"]
[Result "0-1"]
[WhiteElo "2287"]
[BlackElo "2368"]

1.Nf3 Nf6 2.c4 g6 3.g3 Bg7 4.Bg2 d6 5.d4 O-O 6.O-O c6 7.Nc3 Qa5 8.Qd2 Be6
9.b3 h6 10.d5 Nxd5 11.Nxd5 Qxd2 12.Nxe7+ Kh7 13.Bxd2 Bxa1 14.Rxa1 Re8 15.Nd5 cxd5
16.cxd5 Bxd5 17.Ng5+ hxg5 18.Bxd5 Nc6 19.Bxf7 Rxe2 20.Be3 Nb4 21.Rc1 Rc2
22.Rd1 Rd8 23.Bxa7 Nxa2 24.Be3 Nc3 25.Rd3 d5 26.Kg2 Rd6 27.Bxg5 Ne4 28.Be3 Rf6
29.Bxd5 Nxf2 30.Bxf2 Rfxf2+ 31.Kh3 Rxh2+ 32.Kg4 Rhd2 33.Rxd2 Rxd2 34.Bxb7 Rd3
35.Bc8 Rxb3 36.Kh4 Kh6 37.Bd7 Rd3 38.Bc8 Rd4+ 39.Bg4 g5+ 40.Kh3 Kg6 41.Bc8 Kf6
42.Bg4 Ke5 43.Bc8 Kd5 44.Ba6 Kc5 45.Kg2 Kb4 46.Kf3 Kc3 47.Bc8 Kd2 48.Kf2 Rd3
49.Bf5 Rc3 50.Bh3 Rc4 51.Bf5 Rb4 52.Bd7 Rb7 53.Be6 Rb6 54.Bd7 Rf6+ 55.Kg2 Ke3
56.Kh3 Rd6 57.Bf5 Rd4 58.g4 Kf2 59.Bg6 Rd6 60.Be8 Rh6+ 61.Bh5 Kf3 62.Kh2 Rd6
63.Kh3 Rd1 64.Kh2 Rc1 65.Be8 Kxg4 66.Bf7 Rc2+ 67.Kg1 Kg3  0-1

[Event "ch-Kiev"]
[Site "Kiev UKR"]
[Date "2005.01.28"]
[Round "9"]
[White "Matorin,E"]
[Black "Kiselev,Vl"]
[Result "1-0"]
[WhiteElo "2287"]
[BlackElo "2160"]

1.Nf3 Nf6 2.c4 d6 3.d4 g6 4.g3 Bg7 5.Bg2 O-O 6.O-O Nbd7 7.Nc3 e5 8.e4 exd4
9.Nxd4 Re8 10.Re1 Nc5 11.b4 Ne6 12.Be3 Ng4 13.Nxe6 Nxe3 14.Rxe3 Bxe6 15.Qd3 a5
16.b5 Qg5 17.Rc1 Qc5 18.Nd5 Rac8 19.Rc2 c6 20.bxc6 bxc6 21.Nf4 Bd7 22.Rd2 Red8
23.Qxd6 Qxc4 24.Qa3 Rb8 25.Red3 Bf8 26.Qxa5 Bb4 27.Qa4 Ra8 28.Qc2 Qxc2 29.Rxc2 g5
30.Bh3 Be8 31.Rxd8 Rxd8 32.Nh5 Be7 33.e5 Rd1+ 34.Kg2 Re1 35.f4 g4 36.Bxg4 c5
37.Nf6+ Bxf6 38.exf6 Ra1 39.Bf3 Bd7 40.Bd5 Be6 41.Bxe6 fxe6 42.g4 Kf7 43.g5 Kg6
44.Kh3 h6 45.Kh4 Rf1 46.Kg3 c4 47.h4 hxg5 48.fxg5 Rg1+ 49.Kf3 Rf1+ 50.Rf2 Rg1
51.Ke4 Kf7 52.Kf4 Kg6 53.h5+ Kf7 54.Rb2 Rf1+ 55.Ke4 Re1+ 56.Kd4 Rd1+ 57.Kxc4 Rd5
58.Rb7+ Ke8 59.f7+ Kf8  1-0

[Event "10th HIT Open A"]
[Site "Nova Gorica SLO"]
[Date "2005.01.28"]
[Round "1"]
[White "Cvitan,O"]
[Black "Srebrnic,M"]
[Result "1-0"]
[WhiteElo "2520"]
[BlackElo "2249"]

1.c4 g6 2.d4 Bg7 3.Nf3 Nf6 4.g3 d6 5.Bg2 O-O 6.Nc3 Nbd7 7.O-O e5 8.e4 a6
9.Re1 exd4 10.Nxd4 Ng4 11.h3 Nge5 12.b3 Nc5 13.Be3 Ne6 14.Rc1 c5 15.Nde2 Nc6
16.f4 Ned4 17.Bf2 Rb8 18.Nxd4 Nxd4 19.Ne2 Nxe2+ 20.Rxe2 b5 21.Rd2 Qa5 22.cxb5 axb5
23.Rxd6 Qxa2 24.Rd2 Qa6 25.Bxc5 Re8 26.Rd6 Qa2 27.Rd2 Qa6 28.b4 Bb7 29.e5 Bxg2
30.Kxg2 f6 31.exf6 Bxf6 32.Qf3 Re6 33.Re2 Rbe8 34.Rxe6 Qxe6 35.Rc2 Qe1 36.Qd3 Qb1
37.Rd2 Qe1 38.Rf2 Rd8 39.Qe2 Re8 40.Qxb5 Qe4+ 41.Kh2 Bc3 42.Qa4 Kh8 43.Qc2 Qc4
44.Qa2 Qd3 45.Qf7 Rb8 46.Qe6 Ra8 47.Bd6 Rd8 48.Be5+ Bxe5 49.Qxe5+ Kg8 50.Re2 Qd1
51.Qe6+ Kh8 52.Qe3 h5 53.f5 gxf5 54.Qh6+ Kg8 55.Qg6+ Kh8 56.Qxh5+ Kg8 57.Re8+  1-0

[Event "TCh-BEL2 2004-5"]
[Site "Belgium BEL"]
[Date "2005.01.30"]
[Round "8"]
[White "Prakken,G"]
[Black "Sadkowsky,D"]
[Result "0-1"]
[WhiteElo "2277"]
[BlackElo "2318"]

1.d4 Nf6 2.Nf3 g6 3.c4 Bg7 4.g3 O-O 5.Bg2 d6 6.O-O Nc6 7.Nc3 a6 8.b3 Rb8
9.Nd5 Nd7 10.Bb2 e6 11.Nc3 e5 12.d5 Ne7 13.e4 Kh8 14.Ne1 f5 15.Nd3 f4 16.f3 h5
17.Ne2 g5 18.Rc1 Ng6 19.Qc2 Nf6 20.c5 Rf7 21.b4 Bh6 22.a4 h4 23.g4 Bxg4 24.fxg4 Nxg4
25.Rf3 Ne3 26.Rxe3 fxe3 27.Bh3 g4 28.Bxg4 Qg5 29.h3 Rbf8 30.Kh1 Rf1+ 31.Rxf1 Rxf1+
32.Kg2 Qf6 33.Bf5 Rxf5 34.exf5 Qxf5 35.Ne1 Qf2+  0-1

[Event "TCh-BEL 2004-5"]
[Site "Belgium BEL"]
[Date "2005.01.30"]
[Round "8"]
[White "Horvath,Jo1"]
[Black "Meessen,R"]
[Result "1-0"]
[WhiteElo "2514"]
[BlackElo "2304"]

1.c4 g6 2.d4 Nf6 3.Nf3 Bg7 4.g3 O-O 5.Bg2 d6 6.Nc3 Nbd7 7.O-O e5 8.e4 a6
9.Re1 exd4 10.Nxd4 Ng4 11.f3 Nge5 12.b3 Rb8 13.Be3 c5 14.Nde2 Nf6 15.a4 Re8
16.Ra2 Qa5 17.Qxd6 Bh3 18.Qd1 Rbd8 19.Rd2 Rxd2 20.Qxd2 Qb4 21.Rb1 Qb6 22.Nf4 Be6
23.Qc2 Nc6 24.Nfd5 Qa5 25.Ne2 Nb4 26.Qd2 Rd8 27.Bg5 Bxd5 28.cxd5 b5 29.axb5 Qxb5
30.Nc3 Qb8 31.f4 h6 32.Bxf6 Bxf6 33.e5 Bg7 34.d6 Qc8 35.Rc1 Qf5 36.Ne4 g5
37.Rxc5 gxf4 38.gxf4 Rb8 39.d7 Bf8 40.d8=Q Rxd8 41.Qxd8 Qxf4 42.Rc8 Qe3+
43.Kf1 Kh7 44.Nf6+ Kg6 45.Be4+  1-0

[Event "13th Fajr Open"]
[Site "Tehran IRI"]
[Date "2005.01.31"]
[Round "7"]
[White "Moradiabadi,E"]
[Black "Babaev,Ra"]
[Result "1-0"]
[WhiteElo "2439"]
[BlackElo "2463"]

1.d4 Nf6 2.c4 g6 3.g3 Bg7 4.Bg2 O-O 5.Nf3 d6 6.O-O a6 7.Nc3 Nc6 8.b3 Rb8
9.e3 e5 10.dxe5 Ng4 11.Bb2 Ngxe5 12.Nxe5 Nxe5 13.Rc1 Bg4 14.f3 Bd7 15.h3 Re8
16.Qd2 Bc6 17.e4 Nd7 18.Kh2 a5 19.Rfd1 h5 20.h4 Nc5 21.Nd5 Bxd5 22.Bxg7 Kxg7
23.cxd5 Ra8 24.a3 Qf6 25.Qc3 Re7 26.b4 Na6 27.Qd2 axb4 28.axb4 Nb8 29.b5 Ra3
30.Qb4 Re3 31.Rd2 g5 32.b6 gxh4 33.bxc7 Na6 34.Qb6 hxg3+ 35.Kh3 Rc3 36.c8=Q Rxc8
37.Rxc8 Qf4 38.Qd8  1-0

[Event "FINEC WGM"]
[Site "St Petersburg RUS"]
[Date "2005.02.01"]
[Round "6"]
[White "Kostiuk,T"]
[Black "Kirillova,V"]
[Result "0-1"]
[WhiteElo "2307"]
[BlackElo "2266"]

1.d4 Nf6 2.Nf3 g6 3.g3 Bg7 4.Bg2 O-O 5.c4 d6 6.Nc3 c6 7.O-O Nbd7 8.h3 e5
9.e4 a5 10.Be3 a4 11.b4 axb3 12.axb3 Rxa1 13.Qxa1 exd4 14.Nxd4 Re8 15.Qb1 Nc5
16.b4 Ne6 17.Nde2 Nd7 18.f4 Nc7 19.Rd1 Qe7 20.Qd3 d5 21.cxd5 Qxb4 22.dxc6 bxc6
23.e5 Nb8 24.Rb1 Ba6 25.Qxg6 Qa3 26.Qd6 Qxd6 27.exd6 Nb5 28.Nxb5 Bxb5 29.Kf2 Nd7
30.Nd4 Bxd4 31.Bxd4 Re2+ 32.Kg1 Rd2 33.Bc3 Rxd6 34.Ra1 f6 35.Ra8+ Kg7 36.g4 Rd3
37.Ra3 Kf7 38.Kh2 Re3 39.Bb4 Re2 40.Kg3 c5 41.Ra5 Rxg2+ 42.Kxg2 Bc6+ 43.Kf2 cxb4
44.Ra6 b3 45.Ra3 b2 46.Rb3 Nc5 47.Rb6 Na4 48.Rb4 Be4  0-1

[Event "10th HIT Open A"]
[Site "Nova Gorica SLO"]
[Date "2005.02.02"]
[Round "8"]
[White "Kuljasevic,D"]
[Black "Lenic,L"]
[Result "1/2-1/2"]
[WhiteElo "2401"]
[BlackElo "2450"]

1.d4 Nf6 2.Nf3 g6 3.c4 Bg7 4.g3 O-O 5.Bg2 d6 6.Nc3 Nc6 7.O-O a6 8.h3 Bd7
9.e4 e5 10.dxe5 Nxe5 11.Nxe5 dxe5 12.Be3 Be6 13.Nd5 c6 14.Nb6 Qxd1 15.Rfxd1 Rad8
16.Bc5 Rxd1+ 17.Rxd1 Re8 18.b4 Bf8  1/2-1/2

[Event "ch-FRA Top 16 GpB"]
[Site "Vandoeuvre FRA"]
[Date "2005.02.04"]
[Round "1"]
[White "Rausis,I"]
[Black "Tkachiev,V"]
[Result "1/2-1/2"]
[WhiteElo "2500"]
[BlackElo "2609"]

1.d4 Nf6 2.c4 g6 3.g3 Bg7 4.Bg2 O-O 5.Nf3 d6 6.O-O Nc6 7.Nc3 a6 8.d5 Na5
9.b3 Rb8 10.Bd2 c5 11.a4 e6 12.dxe6 Bxe6 13.Ng5 Bf5 14.Nh3 Re8 15.Nf4 Nc6
16.Rc1 Nb4 17.Re1 Qe7 18.h3 h5 19.e4 Bd7 20.Be3 Bc6 21.Qd2 Qf8 22.Nd3 Nxd3
23.Qxd3 Re6 24.Rcd1 Ree8 25.Nd5 Rbc8 26.Bd2 Bxd5 27.exd5 Rcd8 28.f4 Nd7 29.Bf3 Bd4+
30.Kg2 Rxe1 31.Rxe1 Re8 32.g4 hxg4 33.hxg4 Rxe1 34.Bxe1 Qd8 35.g5 a5 36.Qe4 Kg7
37.Bd1 b6 38.Bh4 Nf8 39.Bg4 Nh7 40.Bd1 Qd7 41.Be1 Kg8 42.Bh4 Kg7 43.Be1 Kg8
44.Bh4 Kg7  1/2-1/2

[Event "XII TCh-RUS 1st League"]
[Site "Smolensk RUS"]
[Date "2005.02.05"]
[Round "4"]
[White "Zhuravlev,Al"]
[Black "Loginov,Va"]
[Result "1/2-1/2"]
[WhiteElo "2348"]
[BlackElo "2507"]

1.d4 Nf6 2.Nf3 g6 3.g3 Bg7 4.Bg2 O-O 5.c4 d6 6.O-O c6 7.Nc3 Bf5 8.Bf4 Ne4
9.Na4 b5 10.cxb5 cxb5 11.Nd2 bxa4 12.Nxe4 Bxe4 13.Bxe4 d5 14.Bg2 a3 15.bxa3 Nc6
16.e4 Nxd4 17.exd5 Rc8 18.Rb1 Qa5 19.Bd2 Qxa3 20.Bb4 Qa6 21.Bxe7 Ne2+ 22.Kh1 Nc3
23.Qb3 Nxb1 24.Rxb1 Rc3 25.Qd1 Re8 26.d6 Rd3 27.Qf1 Rxd6 28.Bxd6 Qxd6 29.Qc4 Qd4
30.Bd5  1/2-1/2

[Event "TCh-SWE Elitserien 2004-5"]
[Site "Sweden SWE"]
[Date "2005.02.05"]
[Round "7"]
[White "Ekelund,P"]
[Black "Olsson,An"]
[Result "0-1"]
[WhiteElo "2300"]
[BlackElo "2416"]

1.c4 g6 2.g3 Bg7 3.Bg2 d6 4.d4 Nf6 5.Nf3 O-O 6.O-O Nbd7 7.Qc2 e5 8.Rd1 Qe7
9.Nc3 c6 10.e4 Re8 11.b3 a5 12.a3 exd4 13.Nxd4 Nc5 14.f3 Nfd7 15.Rb1 f5 16.b4 axb4
17.axb4 Ne6 18.Nde2 Ne5 19.exf5 gxf5 20.Qb3 h5 21.Bf4 h4 22.Na4 hxg3 23.hxg3 Nxf4
24.Nxf4 Be6 25.Nxe6 Qxe6 26.Nb6 Rad8 27.b5 f4 28.bxc6 bxc6 29.Re1 Qg6 30.Re4 Qxg3
31.Rc1 Kh8 32.Qd1 Re6 33.Qe2 d5 34.cxd5 cxd5 35.Rb4 Nxf3+  0-1

[Event "FSIMA February"]
[Site "Budapest HUN"]
[Date "2005.02.06"]
[Round "2"]
[White "Ignacz,M"]
[Black "Valet,R"]
[Result "1/2-1/2"]
[WhiteElo "2187"]
[BlackElo "2082"]

1.d4 Nf6 2.c4 g6 3.g3 Bg7 4.Bg2 d6 5.Nf3 O-O 6.Nc3 c5 7.O-O Nc6 8.dxc5 dxc5
9.Bf4 Be6 10.Ne5 Na5 11.Qc2 Nd7 12.Nxd7 Qxd7 13.Rfd1 Qc8 14.Nd5 Nc6 15.Nc7 Bf5
16.e4 Bg4 17.f3 e5 18.Nxa8 exf4 19.fxg4 fxg3 20.h3 Bd4+ 21.Kh1 Ne5 22.Qe2 Qxa8
23.Rab1 Qd8 24.b4 b6 25.bxc5 bxc5 26.Rb5 Qf6 27.a4 Kg7 28.a5 Rh8  1/2-1/2